000 00676nam a22002417a 4500
999 _c407222
_d407222
001 121227
003 UA-OsUOA
005 20191121140809.0
007 ta
008 20170317b un ||||| |||| 00| 0 ukr d
040 _aUA-OsUOA
_brus
_cUA-OsUOA
_dUA-OsUOA
041 _arus
080 _a821.161.1
090 _a821.161.1
_bД70
100 _aДостоевский Ф.М.
245 _aБратья Карамазовы
260 _aСПб
_bНаука
_c1976
300 _a622 с.
650 7 _a82 Література. Літературознавство
_2UDC
942 _cBK
_2udc
955 _a3